000 00561nam a2200181Ia 4500
008 151213s9999 xx 000 0 und d
020 _a0-13-146-650-0
082 _a659.1
_b659.1
100 _aWilliam Wells/ Sandra Moriarty/ John Burnett
245 _aAdvertising Principles and Practice
_cWilliam Wells/ Sandra Moriarty/ John Burnett
250 _a6th
260 _aNew Jersey
_bPearson Prentice Hall
_c2006
300 _a9685 p.
650 _aManagement
650 _aManagement
700 _aWilliam Wells/ Sandra Moriarty/ John Burnett
999 _c4792
_d4792